[Event "SVK-ch U16"]
[Site "Liptovsky Mikulas"]
[Date "2019.04.24"]
[Round "2"]
[White "Kapec, Kristian"]
[Black "Bobro, Jan"]
[Result "0-1"]
[WhiteElo "1569"]
[BlackElo "1760"]
[PlyCount "64"]
[EventDate "2019.04.23"]
[EventType "swiss"]
[EventRounds "9"]
[EventCountry "SVK"]
[SourceTitle "CBM 190 Extra"]
[Source "ChessBase"]
[SourceDate "2019.07.15"]
[SourceVersion "1"]
[SourceVersionDate "2019.07.15"]
[SourceQuality "1"]

1. e4 c5 2. Nf3 e6 3. d4 cxd4 4. Nxd4 a6 5. c4 Nf6 6. Nc3 Qc7 7. Be2 Be7 8. Be3 0-0 9. 0-0 b6 10. Rc1 Bb7 11. Qc2 d6 12. Rfd1 Nbd7 13. b3 Rac8 14. f3 Rfe8 15. Rd2 d5 16. exd5 exd5 17. Nxd5 Nxd5 18. cxd5 Qe5 19. Nf5 Rxc2 20. Nxe7+ Qxe7 21. Rdxc2 Qxe3+ 22. Kf1 Nc5 23. Rd1 Qe5 24. Rcd2 Qxh2 25. d6 Bc6 26. b4 Nd7 27. Bxa6 Qh1+ 28. Kf2 Qh4+ 29. Kf1 Qxb4 30. Rc2 Ba4 31. Rc4 Qa5 32. Rdc1 Qxa6 0-1

[Event "SVK-ch U14"]
[Site "Liptovsky Mikulas"]
[Date "2018.04.23"]
[Round "4"]
[White "Brnusak, Tomas"]
[Black "Bobro, Jan"]
[Result "1/2-1/2"]
[WhiteElo "1935"]
[BlackElo "1581"]
[PlyCount "103"]
[EventDate "2018.04.21"]
[EventType "swiss"]
[EventRounds "9"]
[EventCountry "SVK"]
[SourceTitle "CBM 184 Extra"]
[Source "ChessBase"]
[SourceDate "2018.06.28"]
[SourceVersion "1"]
[SourceVersionDate "2018.06.28"]
[SourceQuality "1"]

1. d4 d5 2. c4 c6 3. cxd5 cxd5 4. Nc3 Nf6 5. Nf3 Nc6 6. Bf4 Bf5 7. e3 e6 8. Bb5 Nd7 9. 0-0 Qb6 10. Qe2 a6 11. Ba4 Be7 12. Rac1 0-0 13. Bxc6 bxc6 14. Ne5 Nxe5 15. Bxe5 Rfc8 16. a3 Qb3 17. f3 c5 18. e4 dxe4 19. fxe4 Bg6 20. d5 Bg5 21. Bf4 Bxf4 22. Rxf4 exd5 23. Nxd5 Qb7 24. Qc4 Kf8 25. Rc2 Rab8 26. Rcf2 Qb5 27. Qc3 Qb3 28. h4 Qxc3 29. Nxc3 Rb7 30. g4 h5 31. gxh5 Bxh5 32. Rf5 Bg6 33. Rd5 Re7 34. Re2 Rce8 35. Rxc5 Bxe4 36. Rh5 Kg8 37. Rxe4 Rxe4 38. Nxe4 Rxe4 39. Kf2 g6 40. Kf3 Ra4 41. Rc5 Rxh4 42. Ra5 Rh3+ 43. Kg4 Rb3 44. Rxa6 Rxb2 45. a4 Rb8 46. Kg5 Kg7 47. Ra7 Rc8 48. a5 Rb8 49. a6 Rb5+ 50. Kg4 Rb4+ 51. Kg5 Rb5+ 52. Kf4 1/2-1/2

[Event "SVK-ch U14"]
[Site "Liptovsky Mikulas"]
[Date "2018.04.22"]
[Round "3"]
[White "Bobro, Jan"]
[Black "Kapec, Kristian"]
[Result "1/2-1/2"]
[WhiteElo "1581"]
[BlackElo "1307"]
[PlyCount "118"]
[EventDate "2018.04.21"]
[EventType "swiss"]
[EventRounds "9"]
[EventCountry "SVK"]
[SourceTitle "CBM 184 Extra"]
[Source "ChessBase"]
[SourceDate "2018.06.28"]
[SourceVersion "1"]
[SourceVersionDate "2018.06.28"]
[SourceQuality "1"]

1. c4 e5 2. Nc3 Nf6 3. g3 c6 4. Bg2 d5 5. cxd5 cxd5 6. d4 exd4 7. Qxd4 Be6 8. Bg5 Nc6 9. Qd1 Bb4 10. Bd2 0-0 11. a3 Bxc3 12. Bxc3 d4 13. Bd2 Bd5 14. Nf3 Qb6 15. b4 Rfe8 16. 0-0 Bc4 17. Re1 Ne4 18. Bf1 Nxd2 19. Qxd2 Rad8 20. Qc2 Qb5 21. Rac1 Be6 22. Red1 Qf5 23. Qxf5 Bxf5 24. b5 Na5 25. Nxd4 Rxd4 26. Rxd4 Nb3 27. Rdc4 Nxc1 28. Rxc1 Re7 29. e4 Be6 30. Bc4 Bxc4 31. Rxc4 f6 32. f3 Kf7 33. Kf2 Ke6 34. Ke3 Kd6 35. a4 Re5 36. Rd4+ Ke6 37. Rc4 Kd6 38. Rc8 Re7 39. Kd4 b6 40. f4 h6 41. e5+ fxe5+ 42. fxe5+ Ke6 43. Rc6+ Kf5 44. Rc8 Rd7+ 45. Ke3 Kxe5 46. Re8+ Kf6 47. Ke4 Kf7 48. Rc8 Ke6 49. Rc6+ Kf7 50. Ke5 Ke7 51. h4 Kf7 52. Rd6 Rc7 53. Rd4 Ke7 54. Rg4 Rc5+ 55. Kd4 Kf6 56. Re4 Kf7 57. Re5 Rc7 58. Kd5 Kf6 59. Kd6 Rc4 1/2-1/2

[Event "Liptovsky Mikulas V4 U15 op"]
[Site "Liptovsky Mikulas"]
[Date "2017.06.21"]
[Round "1"]
[White "Bobro, Jan"]
[Black "Priechodsky, Radovan"]
[Result "1-0"]
[WhiteElo "1563"]
[BlackElo "1313"]
[PlyCount "43"]
[EventDate "2017.06.21"]
[EventType "swiss"]
[EventRounds "9"]
[EventCountry "SVK"]
[SourceTitle "CBM 179 Extra"]
[Source "ChessBase"]
[SourceDate "2017.08.23"]
[SourceVersion "1"]
[SourceVersionDate "2017.08.23"]
[SourceQuality "1"]

1. c4 c5 2. Nc3 Nf6 3. g3 d5 4. cxd5 Nxd5 5. Bg2 e6 6. Nxd5 exd5 7. Qb3 Be6 8. Qxb7 Nd7 9. e3 Be7 10. Ne2 0-0 11. Nf4 Bf6 12. Nxd5 Bxd5 13. Qxd5 Rb8 14. Rb1 Qa5 15. 0-0 Nb6 16. Qb3 Rfd8 17. Qa3 Na4 18. b3 c4 19. Bc6 Qc5 20. Bxa4 Qxa3 21. Bxa3 Rxd2 22. bxc4 1-0

[Event "SVK-ch U14"]
[Site "Liptovsky Mikulas"]
[Date "2017.04.28"]
[Round "9"]
[White "Bobro, Jan"]
[Black "Gyerpal, Adrian"]
[Result "0-1"]
[WhiteElo "1539"]
[BlackElo "1909"]
[PlyCount "54"]
[EventDate "2017.04.22"]
[EventType "swiss"]
[EventRounds "9"]
[EventCountry "SVK"]
[SourceTitle "CBM 178 Extra"]
[Source "ChessBase"]
[SourceDate "2017.06.22"]
[SourceVersion "1"]
[SourceVersionDate "2017.06.22"]
[SourceQuality "1"]

1. Nf3 Nf6 2. d4 g6 3. Bf4 Bg7 4. c4 0-0 5. Nc3 c5 6. e3 cxd4 7. exd4 d5 8. c5 Nh5 9. Be3 Nc6 10. Bb5 Rb8 11. 0-0 Bg4 12. Bxc6 bxc6 13. Rb1 Bf5 14. Ra1 Rxb2 15. Nd2 Bd3 16. Nb3 Bxf1 17. Qxf1 Rc2 18. Qd3 Rxc3 19. Qxc3 Qc7 20. Qa5 Qxa5 21. Nxa5 Rc8 22. Rb1 e5 23. dxe5 Bxe5 24. Rb7 d4 25. Bh6 d3 26. Rxa7 Re8 27. Nb3 Bb8 0-1

[Event "Liptovsky Mikulas V4 U15 op"]
[Site "Liptovsky Mikulas"]
[Date "2016.06.25"]
[Round "8"]
[White "Bobro, Jan"]
[Black "Nemcova, Karin"]
[Result "0-1"]
[WhiteElo "1505"]
[BlackElo "1830"]
[PlyCount "86"]
[EventDate "2016.06.22"]
[EventType "swiss"]
[EventRounds "9"]
[EventCountry "SVK"]
[SourceTitle "CBM 173 Extra"]
[Source "ChessBase"]
[SourceDate "2016.08.29"]
[SourceVersion "1"]
[SourceVersionDate "2016.08.29"]
[SourceQuality "1"]

1. Nf3 d5 2. d4 Nf6 3. Bf4 e6 4. e3 Be7 5. c4 Nbd7 6. Bd3 dxc4 7. Bxc4 a6 8. Nbd2 b5 9. Bd3 Bb7 10. Rc1 c5 11. b3 Rc8 12. 0-0 0-0 13. Qe2 cxd4 14. exd4 Qb6 15. Ne4 Nxe4 16. Bxe4 Bxe4 17. Qxe4 Nf6 18. Qd3 Nd5 19. Bg5 Bxg5 20. Nxg5 Nf6 21. Qd2 h6 22. Nf3 Qb7 23. Rxc8 Rxc8 24. Rc1 Rc7 25. h3 Qc8 26. Rxc7 Qxc7 27. Qe3 Qc2 28. Qd2 Qxd2 29. Nxd2 Kf8 30. Kf1 Ke7 31. Ke2 Kd6 32. f3 Nd5 33. Ne4+ Kc6 34. a3 Nf4+ 35. Kf2 Nd3+ 36. Ke3 Ne1 37. Kf2 Nc2 38. Nc5 a5 39. b4 a4 40. Ke2 Nxa3 41. Kd3 Nc4 42. Na6 Nb6 43. Nb8+ Kb7 0-1

[Event "Liptovsky Mikulas V4 U15 op"]
[Site "Liptovsky Mikulas"]
[Date "2016.06.22"]
[Round "2"]
[White "Bobro, Jan"]
[Black "Ivanov, Mikhail Vas"]
[Result "1-0"]
[WhiteElo "1505"]
[BlackElo "1278"]
[PlyCount "123"]
[EventDate "2016.06.22"]
[EventType "swiss"]
[EventRounds "9"]
[EventCountry "SVK"]
[SourceTitle "CBM 173 Extra"]
[Source "ChessBase"]
[SourceDate "2016.08.29"]
[SourceVersion "1"]
[SourceVersionDate "2016.08.29"]
[SourceQuality "1"]

1. Nf3 d5 2. d4 Bf5 3. Bf4 e6 4. e3 Nf6 5. Nbd2 Bd6 6. Bg3 Nc6 7. a3 0-0 8. c4 Nb8 9. Qb3 Nbd7 10. Bxd6 cxd6 11. Be2 Qa5 12. 0-0 Qa6 13. Rfe1 Qa5 14. Rac1 Rfc8 15. cxd5 exd5 16. Qxb7 Nf8 17. Nb3 Qd8 18. Ng5 N6d7 19. Nf3 Nb6 20. Rxc8 Qxc8 21. Qxc8 Rxc8 22. Rc1 Rxc1+ 23. Nxc1 Nc4 24. Bxc4 dxc4 25. Nd2 d5 26. f3 Be6 27. Ne2 g5 28. Nc3 a6 29. e4 dxe4 30. Ncxe4 Nd7 31. Nxg5 Bd5 32. Nge4 Nb6 33. Nf6+ Kf8 34. Nxd5 Nxd5 35. Nxc4 Ke7 36. Kf2 Nf6 37. Ne5 Ne8 38. Ke3 Nd6 39. b4 Ke6 40. Nc6 Nc4+ 41. Kd3 Nxa3 42. Nb8 Nb5 43. Nxa6 Kd5 44. f4 h5 45. g3 f6 46. h3 Kd6 47. Ke4 Nc3+ 48. Kf5 Ne2 49. g4 Nxd4+ 50. Kxf6 h4 51. g5 Kd7 52. g6 Ne6 53. Nc5+ Nxc5 54. bxc5 Kc6 55. g7 Kxc5 56. g8Q Kd6 57. Qe8 Kc7 58. Qe6 Kd8 59. Qf7 Kc8 60. Qa7 Kd8 61. Qb7 Ke8 62. Qe7# 1-0

[Event "SVK-ch U12"]
[Site "Liptovsky Mikulas"]
[Date "2016.04.22"]
[Round "8"]
[White "Bobro, Jan"]
[Black "Grec, Jan Alexander"]
[Result "0-1"]
[WhiteElo "1525"]
[BlackElo "1179"]
[PlyCount "120"]
[EventDate "2016.04.16"]
[EventType "swiss"]
[EventRounds "9"]
[EventCountry "SVK"]
[SourceTitle "CBM 172 Extra"]
[Source "ChessBase"]
[SourceDate "2016.06.21"]
[SourceVersion "1"]
[SourceVersionDate "2016.06.21"]
[SourceQuality "1"]

1. c4 Nf6 2. Nc3 g6 3. g3 Bg7 4. Bg2 0-0 5. d4 d6 6. Nf3 c5 7. 0-0 Bf5 8. Re1 Ne4 9. Nxe4 Bxe4 10. dxc5 dxc5 11. Nh4 Bxg2 12. Nxg2 Nc6 13. Rb1 Qb6 14. b3 Nb4 15. a3 Rad8 16. Bd2 Nc6 17. Qc2 Rd7 18. Be3 Qa5 19. a4 Rfd8 20. Nf4 Nb4 21. Qc1 b6 22. Ng2 Na2 23. Qc2 Nb4 24. Qc1 Kh8 25. Bh6 Bf6 26. Bg5 Be5 27. Bf4 Bd4 28. Be3 Bxe3 29. Nxe3 Rd2 30. Rd1 Na2 31. Rxd2 Qxd2 32. Qxd2 Rxd2 33. Rd1 Rxd1+ 34. Nxd1 Nc1 35. Nc3 Nxb3 36. Nb5 Nd2 37. Nxa7 Nxc4 38. Kf1 Kg7 39. e3 Nb2 40. Ke2 Nxa4 41. Kd3 Kf6 42. Kc4 Nb2+ 43. Kb5 Nd3 44. f4 Ke6 45. Nc8 Kd7 46. Nxb6+ Kd6 47. e4 e5 48. Kc4 Nf2 49. Nc8+ Ke6 50. fxe5 Kxe5 51. Kxc5 Nxe4+ 52. Kc4 Nd6+ 53. Nxd6 Kxd6 54. Kd4 Ke6 55. Ke4 Kf6 56. h4 h6 57. g4 g5 58. h5 Ke6 59. Kd4 f5 60. gxf5+ Kxf5 0-1

[Event "SVK-ch op"]
[Site "Banska Stiavnica"]
[Date "2015.07.10"]
[Round "7"]
[White "Bobro, Jan"]
[Black "Sankova, Stella"]
[Result "0-1"]
[WhiteElo "1550"]
[BlackElo "1855"]
[PlyCount "74"]
[EventDate "2015.07.04"]
[EventType "swiss"]
[EventRounds "9"]
[EventCountry "SVK"]
[SourceTitle "CBM 167 Extra"]
[Source "ChessBase"]
[SourceDate "2015.09.14"]
[SourceVersion "1"]
[SourceVersionDate "2015.09.14"]
[SourceQuality "1"]

1. Nf3 Nf6 2. d4 g6 3. c4 Bg7 4. Bf4 d6 5. e3 0-0 6. Nbd2 c5 7. Bd3 Nh5 8. Bg5 Nc6 9. Nb3 h6 10. Bh4 g5 11. Bg3 g4 12. Nh4 cxd4 13. exd4 Nxd4 14. Nxd4 Bxd4 15. Rb1 Qa5+ 16. Qd2 Qxd2+ 17. Kxd2 f5 18. h3 f4 19. hxg4 fxg3 20. gxh5 Rxf2+ 21. Be2 Bg4 22. Kd3 Rxe2 23. Kxd4 Rf8 24. a3 Rff2 25. b3 e5+ 26. Kc3 Bxh5 27. Rhf1 Re4 28. Rxf2 gxf2 29. Nf3 Bxf3 30. gxf3 Re3+ 31. Kc2 Rxf3 32. Rf1 h5 33. a4 h4 34. b4 h3 35. Kd2 h2 36. Ke2 Rf4 37. Rh1 f1Q+ 0-1

[Event "SVK-ch U12"]
[Site "Tatralandia"]
[Date "2015.04.21"]
[Round "5"]
[White "Zetocha, Adrian"]
[Black "Bobro, Jan"]
[Result "1-0"]
[WhiteElo "1649"]
[BlackElo "1519"]
[PlyCount "113"]
[EventDate "2015.04.18"]
[EventType "swiss"]
[EventRounds "9"]
[EventCountry "SVK"]
[SourceTitle "CBM 166 Extra"]
[Source "ChessBase"]
[SourceDate "2015.06.18"]
[SourceVersion "1"]
[SourceVersionDate "2015.06.18"]
[SourceQuality "1"]

1. e4 e5 2. Nf3 Nf6 3. Nxe5 d6 4. Nf3 Nxe4 5. Nc3 d5 6. Qe2 Be7 7. Nxe4 dxe4 8. Qxe4 0-0 9. Bc4 Bf6 10. 0-0 Re8 11. Qd5 Qxd5 12. Bxd5 c6 13. Bb3 Bf5 14. Re1 Nd7 15. Rb1 Nc5 16. d3 a5 17. Be3 Nxb3 18. axb3 b5 19. Bd4 Rxe1+ 20. Rxe1 Bxd4 21. Nxd4 Bd7 22. Kf1 Kf8 23. f4 f6 24. Kf2 Kf7 25. Nf3 a4 26. Ra1 c5 27. Nd2 b4 28. bxa4 Rxa4 29. Rxa4 Bxa4 30. b3 Bc6 31. Ne4 Bxe4 32. dxe4 Ke6 33. Ke3 f5 34. e5 h6 35. g3 g5 36. Kd3 Kd5 37. h3 g4 38. h4 h5 39. Ke3 Ke6 40. Kd2 Kd7 41. Kd3 Kc7 42. c3 bxc3 43. Kxc3 Kd7 44. Kc4 Kc6 45. b4 cxb4 46. Kxb4 Kd5 47. Kb5 Ke6 48. Kc6 Ke7 49. Kd5 Kd7 50. e6+ Ke7 51. Ke5 Ke8 52. Kxf5 Ke7 53. Ke5 Ke8 54. f5 Ke7 55. f6+ Ke8 56. Kd6 Kd8 57. f7 1-0